| 000 | 00943nas a2200313 4500 | ||
|---|---|---|---|
| 001 | BR2014000407 | ||
| 003 | BR-BrBNA | ||
| 005 | 20231205123621.0 | ||
| 007 | ta | ||
| 008 | 230509b bl.|||p| |||| 00| 00por d | ||
| 040 |
_aBR-BrBNA _bpor _cBiblioteca Nacional de Agricultura |
||
| 041 | _a(Pt) | ||
| 072 | _aM12 | ||
| 100 | 1 | _aDieterich, T.G. | |
| 100 | 1 | _aPotrich, F.R. | |
| 100 | 1 | _aLorenz, E.K. | |
| 100 | 1 | _aSignor, A.A. | |
| 100 | 1 | _aFeiden, A. | |
| 100 | 1 | _aBoscolo, W.R. | |
| 245 | 1 | _aParâmetros zootécnicos de juvenis de pacu alimentados a diferentes frequências de arraçoamento em tanques-rede | |
| 650 | _aPACU | ||
| 650 | _aARRAÇOAMENTO | ||
| 650 | _aDIETA | ||
| 650 | _aGANHO DE PESO | ||
| 650 | _aHEMATOLOGIA | ||
| 773 | 0 |
_tPesquisa Agropecuária Brasileira (Brazil) _xISSN 0100-204X _g(Aug 2013), v. 48(8) p. 1043-1048 _wBR2014000407 |
|
| 909 |
_a202311 _bLúcia _c55 _dLúcia Elande |
||
| 942 |
_2AGRIS _n0 _cANA |
||
| 999 |
_c234816 _d234816 |
||